Lokal'nyje kompleksnyje programmy

Gespeichert in:
Bibliographische Detailangaben
Format: Buch
Sprache:Russisch
Veröffentlicht: Novosibirsk Nauka 1984
Tags: Tag hinzufügen
Keine Tags, Fügen Sie das erste Tag hinzu!

MARC

LEADER 00000nam a2200000 4500
001 c109688
005 20241022111115.6
041 0 |a rus 
044 |a RU 
245 1 0 |a Lokal'nyje kompleksnyje programmy  |c Red. M.K. Bandman 
264 1 |a Novosibirsk  |b Nauka  |c 1984 
300 |a 284 s.